[Event "Helsingor Xtracon op"]
[Site "Helsingor"]
[Date "2019.07.28"]
[Round "10"]
[White "Lilja, Richard"]
[Black "Mehringer, Joerg"]
[Result "1-0"]
[WhiteElo "2126"]
[BlackElo "1923"]
[PlyCount "23"]
[EventDate "2019.07.20"]
[EventType "swiss"]
[EventRounds "10"]
[EventCountry "DEN"]
[SourceTitle "CBM 191 Extra"]
[Source "ChessBase"]
[SourceDate "2019.09.30"]
[SourceVersion "1"]
[SourceVersionDate "2019.09.30"]
[SourceQuality "1"]

1. e4 e5 2. Bc4 Nf6 3. d4 exd4 4. Nf3 Nxe4 5. Qxd4 Qe7 6. 0-0 Nc6 7. Qd1 Qc5 8. Bd5 Nf6 9. Re1+ Be7 10. Bxc6 dxc6 11. b3 0-0 12. Ba3 1-0

[Event "Helsingor Xtracon op"]
[Site "Helsingor"]
[Date "2019.07.23"]
[Round "5"]
[White "Bohlin, Jan"]
[Black "Mehringer, Joerg"]
[Result "0-1"]
[WhiteElo "1724"]
[BlackElo "1923"]
[PlyCount "76"]
[EventDate "2019.07.20"]
[EventType "swiss"]
[EventRounds "10"]
[EventCountry "DEN"]
[SourceTitle "CBM 191 Extra"]
[Source "ChessBase"]
[SourceDate "2019.09.30"]
[SourceVersion "1"]
[SourceVersionDate "2019.09.30"]
[SourceQuality "1"]

1. c4 Nf6 2. Nc3 g6 3. e4 d6 4. d4 Bg7 5. f3 0-0 6. Bg5 Na6 7. Qd2 c5 8. d5 Re8 9. Nge2 Nc7 10. Ng3 a6 11. Be2 Rb8 12. a4 Bd7 13. a5 b5 14. axb6 Rxb6 15. 0-0 Qb8 16. Ra2 e6 17. Qf4 Qd8 18. Na4 Bxa4 19. Rxa4 Rxb2 20. Qh4 Rf8 21. e5 dxe5 22. Ne4 Nce8 23. Bd3 exd5 24. Nxc5 Qb6 25. Be3 Nc7 26. cxd5 Nfxd5 27. Bf2 Bf6 28. Qc4 Qd6 29. Ne4 Qd8 30. Nxf6+ Qxf6 31. Be4 Nb6 32. Qxc7 Nxa4 33. Qa5 Nb6 34. Qxa6 Nd7 35. Qa3 Rfb8 36. Rd1 Nf8 37. h3 Ne6 38. Qd6 Rd8 0-1

[Event "Helsingor Xtracon op"]
[Site "Helsingor"]
[Date "2019.07.21"]
[Round "2"]
[White "Mehringer, Joerg"]
[Black "Madison, Sigurd"]
[Result "1-0"]
[WhiteElo "1923"]
[BlackElo "1700"]
[PlyCount "97"]
[EventDate "2019.07.20"]
[EventType "swiss"]
[EventRounds "10"]
[EventCountry "DEN"]
[SourceTitle "CBM 191 Extra"]
[Source "ChessBase"]
[SourceDate "2019.09.30"]
[SourceVersion "1"]
[SourceVersionDate "2019.09.30"]
[SourceQuality "1"]

1. e4 e5 2. Nf3 Nc6 3. Bc4 d6 4. h3 Qf6 5. Nc3 Nge7 6. Nb5 Kd8 7. d3 a6 8. Nc3 h6 9. Be3 g5 10. Qd2 Nd4 11. Nh2 Qg6 12. 0-0-0 Bd7 13. Ne2 Nec6 14. c3 Ne6 15. Bb3 Nf4 16. Rhg1 Be7 17. Bc2 h5 18. d4 Nxe2+ 19. Qxe2 exd4 20. cxd4 g4 21. f4 Qg7 22. Qd2 Kc8 23. d5 Na7 24. e5 Rg8 25. Bd4 dxe5 26. Bxe5 Qxe5 27. fxe5 Bg5 28. hxg4 Bxd2+ 29. Rxd2 hxg4 30. Rf1 g3 31. Nf3 Kd8 32. Re1 Bb5 33. e6 f6 34. Nd4 Nc8 35. Nf5 Ne7 36. Nh6 Rg7 37. Nf7+ Kc8 38. d6 cxd6 39. Nxd6+ Kc7 40. Nxb5+ axb5 41. Rd7+ Kb6 42. Kb1 Rc8 43. Red1 f5 44. R1d6+ Rc6 45. Bd1 Rxd6 46. Rxd6+ Nc6 47. Bc2 Kc7 48. Rd5 Rh7 49. Rd1 1-0

[Event "Helsingor Xtracon op"]
[Site "Helsingor"]
[Date "2018.07.26"]
[Round "7"]
[White "Mehringer, Joerg"]
[Black "Woltery, Nicolai"]
[Result "0-1"]
[WhiteElo "1933"]
[BlackElo "1715"]
[PlyCount "158"]
[EventDate "2018.07.21"]
[EventType "swiss"]
[EventRounds "10"]
[EventCountry "DEN"]
[SourceTitle "CBM 185 Extra"]
[Source "ChessBase"]
[SourceDate "2018.07.29"]
[SourceVersion "1"]
[SourceVersionDate "2018.07.29"]
[SourceQuality "1"]

1. e4 c5 2. g3 d5 3. exd5 Qxd5 4. Nf3 Bg4 5. Bg2 Qe6+ 6. Kf1 Nc6 7. h3 Bh5 8. d3 Qd7 9. Na3 e6 10. Nc4 f6 11. a4 Rc8 12. Be3 b6 13. Kg1 Nge7 14. Kh2 Nd5 15. Re1 Be7 16. Qe2 Bf7 17. Bd2 0-0 18. Nh4 Rfe8 19. c3 Bf8 20. f4 Nce7 21. Qe4 Ng6 22. Nf3 Nge7 23. Qe2 Nf5 24. g4 Nd6 25. Ne3 Nxf4 26. Qf1 Nb7 27. d4 Bd6 28. Kg1 Na5 29. Qb5 Qxb5 30. axb5 c4 31. Ra4 Nd5 32. Nc2 Re7 33. Nb4 Nxb4 34. cxb4 Nb3 35. Bc3 Be8 36. Nd2 Bxb5 37. Ra3 Nxd2 38. Bxd2 a5 39. Rae3 Bxb4 40. Bxb4 axb4 41. Bd5 Kf8 42. Bxe6 Bd7 43. d5 Bxe6 44. dxe6 Rc6 45. Kf2 c3 46. bxc3 bxc3 47. Rc1 c2 48. Re2 Rexe6 49. Rexc2 Rxc2+ 50. Rxc2 Kf7 51. Rc7+ Re7 52. Rc6 Rb7 53. Rc4 b5 54. Rb4 Ke6 55. Ke3 Kd5 56. Kd3 Kc5 57. Rb1 Rd7+ 58. Kc3 Re7 59. Kd3 Ra7 60. Rc1+ Kb6 61. Rc3 b4 62. Rc8 Rc7 63. Rb8+ Ka5 64. Ra8+ Kb5 65. Rb8+ Ka4 66. Ra8+ Kb3 67. Rb8 Rc3+ 68. Kd2 Rxh3 69. Rb7 g6 70. Rf7 Kb2 71. Rxf6 b3 72. Rf7 Rh2+ 73. Kd3 h5 74. gxh5 gxh5 75. Rh7 Kb1 76. Kc3 b2 77. Rh6 Rh3+ 78. Kd2 Ka2 79. Ra6+ Ra3 0-1

[Event "Helsingor Xtracon op"]
[Site "Helsingor"]
[Date "2018.07.22"]
[Round "3"]
[White "Mehringer, Joerg"]
[Black "Nielsen, Viktor Haarmark"]
[Result "1/2-1/2"]
[WhiteElo "1933"]
[BlackElo "2332"]
[PlyCount "93"]
[EventDate "2018.07.21"]
[EventType "swiss"]
[EventRounds "10"]
[EventCountry "DEN"]
[SourceTitle "CBM 185 Extra"]
[Source "ChessBase"]
[SourceDate "2018.07.29"]
[SourceVersion "1"]
[SourceVersionDate "2018.07.29"]
[SourceQuality "1"]

1. e4 e5 2. Nf3 Nc6 3. Bc4 Bc5 4. b4 Bxb4 5. c3 Ba5 6. d4 b5 7. Bd5 exd4 8. Nxd4 Qf6 9. 0-0 Nge7 10. Nf3 Rb8 11. Qe2 Ne5 12. Nxe5 Qxe5 13. f4 Bb6+ 14. Kh1 Qd6 15. Bb3 Bb7 16. Rd1 Qg6 17. f5 Qf6 18. Bb2 Qe5 19. Qd3 0-0 20. Nd2 c5 21. Bc2 c4 22. Qh3 f6 23. Nf3 Qc7 24. Ba3 d5 25. exd5 Nxd5 26. Bxf8 Rxf8 27. Qg3 Qxg3 28. hxg3 Nxc3 29. Rd7 Bc6 30. Rd6 Ba8 31. a3 Re8 32. Nd4 Ne2 33. Ne6 Nxg3+ 34. Kh2 Ne4 35. Rd7 Nc5 36. Rxg7+ Kh8 37. Rf7 Rg8 38. Rg1 Nxe6 39. fxe6 Bxg1+ 40. Kxg1 Re8 41. Rxh7+ Kg8 42. Rxa7 Bc6 43. Bh7+ Kh8 44. Bf5 Bd5 45. e7 Kg7 46. Rd7 Bf7 47. Rb7 1/2-1/2

[Event "Helsingor Xtracon op"]
[Site "Helsingor"]
[Date "2018.07.21"]
[Round "1"]
[White "Mehringer, Joerg"]
[Black "Hansen, Sune Berg"]
[Result "0-1"]
[WhiteElo "1933"]
[BlackElo "2584"]
[PlyCount "60"]
[EventDate "2018.07.21"]
[EventType "swiss"]
[EventRounds "10"]
[EventCountry "DEN"]
[SourceTitle "CBM 185 Extra"]
[Source "ChessBase"]
[SourceDate "2018.07.29"]
[SourceVersion "1"]
[SourceVersionDate "2018.07.29"]
[SourceQuality "1"]

1. e4 Nf6 2. e5 Nd5 3. d4 d6 4. c4 Nb6 5. f4 dxe5 6. fxe5 Nc6 7. Be3 Bf5 8. Nf3 e6 9. Be2 Nb4 10. Na3 Be7 11. 0-0 0-0 12. Qd2 c5 13. dxc5 Qxd2 14. Nxd2 Nd7 15. Nf3 Nxc5 16. Nd4 Bd3 17. Rfe1 Bxe2 18. Rxe2 Nbd3 19. Nf3 Na4 20. Bd4 Rfd8 21. Rb1 Rac8 22. Nc2 Rxc4 23. Rd2 Nb4 24. Nxb4 Bxb4 25. Rdd1 Rcc8 26. Bxa7 b6 27. b3 Nc3 28. Rxd8+ Rxd8 29. Rb2 Rd1+ 30. Kf2 Rd7 0-1

[Event "Helsingor Xtracon op"]
[Site "Helsingor"]
[Date "2017.07.24"]
[Round "4"]
[White "Olsen, Kim Alex"]
[Black "Mehringer, Joerg"]
[Result "0-1"]
[WhiteElo "1706"]
[BlackElo "1918"]
[PlyCount "90"]
[EventDate "2017.07.22"]
[EventType "swiss"]
[EventRounds "10"]
[EventCountry "DEN"]
[SourceTitle "CBM 179 Extra"]
[Source "ChessBase"]
[SourceDate "2017.08.23"]
[SourceVersion "1"]
[SourceVersionDate "2017.08.23"]
[SourceQuality "1"]

1. d4 Nf6 2. c4 g6 3. Nc3 Bg7 4. e4 d6 5. Bg5 0-0 6. f4 Na6 7. Be2 c5 8. d5 Qa5 9. Qd2 Re8 10. Nf3 Bg4 11. 0-0 Nd7 12. h3 Bxf3 13. Rxf3 Nc7 14. Raf1 a6 15. Rg3 b5 16. f5 b4 17. fxg6 hxg6 18. Bh6 bxc3 19. bxc3 Ne5 20. Bh5 Rf8 21. Qg5 f6 22. Qh4 Rf7 23. Bxg6 Nxg6 24. Rxg6 Qxc3 25. Bxg7 Rxg7 26. Rh6 Qe3+ 27. Kh1 Qg5 28. Rh8+ Kf7 29. Qxg5 Rxg5 30. Rxa8 Nxa8 31. Rb1 Rg8 32. Rb7 Rc8 33. g4 Nc7 34. Kh2 Ne8 35. Ra7 Rb8 36. Rxa6 Rb4 37. a4 Rxc4 38. a5 Nc7 39. Ra7 Nb5 40. Rb7 Rb4 41. a6 Ke8 42. Kg3 Kd8 43. Kf4 Nc7 44. Rxb4 cxb4 45. Ke3 Nxa6 0-1

[Event "Helsingor Xtracon op"]
[Site "Helsingor"]
[Date "2017.07.23"]
[Round "2"]
[White "Skjolingstad, Sverre"]
[Black "Mehringer, Joerg"]
[Result "1-0"]
[WhiteElo "1644"]
[BlackElo "1918"]
[PlyCount "43"]
[EventDate "2017.07.22"]
[EventType "swiss"]
[EventRounds "10"]
[EventCountry "DEN"]
[SourceTitle "CBM 179 Extra"]
[Source "ChessBase"]
[SourceDate "2017.08.23"]
[SourceVersion "1"]
[SourceVersionDate "2017.08.23"]
[SourceQuality "1"]

1. e4 e5 2. Nf3 Nc6 3. Bb5 f5 4. d3 fxe4 5. dxe4 Nf6 6. 0-0 Bc5 7. Qd3 d6 8. Qc4 Bd7 9. Nc3 Nd4 10. Nxe5 dxe5 11. Qxc5 Qe7 12. Bxd7+ Kxd7 13. Qxe7+ Kxe7 14. Bg5 c6 15. f4 Ke6 16. fxe5 Kxe5 17. Rad1 Rad8 18. Na4 Ne2+ 19. Kh1 Rxd1 20. Bxf6+ gxf6 21. Rxd1 Kxe4 22. Re1 1-0

[Event "Heusenstamm Sparkassen op-A 3rd"]
[Site "Heusenstamm"]
[Date "2016.11.27"]
[Round "5"]
[White "Mehringer, Joerg"]
[Black "Kail, Sindy"]
[Result "1/2-1/2"]
[WhiteElo "1965"]
[BlackElo "1848"]
[PlyCount "87"]
[EventDate "2016.11.24"]
[EventType "swiss"]
[EventRounds "7"]
[EventCountry "GER"]
[SourceTitle "EXT 2018"]
[Source "ChessBase"]
[SourceDate "2017.10.13"]
[SourceVersion "1"]
[SourceVersionDate "2017.10.13"]
[SourceQuality "1"]

1. e4 c5 2. g3 d5 3. exd5 Qxd5 4. Nf3 Bg4 5. Bg2 Qe6+ 6. Kf1 Nc6 7. h3 Bh5 8. d3 f6 9. Be3 b6 10. Na3 Bf7 11. Nc4 Qd7 12. Kg1 Rc8 13. Kh2 e5 14. Re1 Nge7 15. Qe2 Nf5 16. Rad1 Be7 17. Bc1 0-0 18. a3 Rfe8 19. Ne3 Ncd4 20. Nxd4 exd4 21. Nxf5 Qxf5 22. Be4 Qd7 23. Qf3 Be6 24. Qg2 f5 25. Bf3 Bd6 26. Re2 Bf7 27. Rde1 Qc7 28. Rxe8+ Rxe8 29. Rxe8+ Bxe8 30. Bd5+ Bf7 31. Qf3 g6 32. Bh6 Qe7 33. Bxf7+ Kxf7 34. Qd5+ Ke8 35. Qa8+ Kf7 36. Qh8 Ke6 37. Bg7 h5 38. c3 dxc3 39. Bxc3 h4 40. Kg2 Qb7+ 41. f3 Bxg3 42. Qf6+ Kd5 43. Qxg6 Qd7 44. Kf1 1/2-1/2

[Event "Heusenstamm Sparkassen op-A 3rd"]
[Site "Heusenstamm"]
[Date "2016.11.24"]
[Round "1"]
[White "Mehringer, Joerg"]
[Black "Dubiel, Jacek"]
[Result "0-1"]
[WhiteElo "1965"]
[BlackElo "2422"]
[PlyCount "104"]
[EventDate "2016.11.24"]
[EventType "swiss"]
[EventRounds "7"]
[EventCountry "GER"]
[SourceTitle "CBM 175 Extra"]
[Source "ChessBase"]
[SourceDate "2016.12.12"]
[SourceVersion "1"]
[SourceVersionDate "2016.12.12"]
[SourceQuality "1"]

1. e4 c5 2. g3 Nc6 3. Bg2 g6 4. Ne2 Bg7 5. 0-0 d6 6. c3 e5 7. d3 Nge7 8. Be3 Be6 9. Na3 f5 10. Qd2 0-0 11. Nc2 Qd7 12. f3 Rad8 13. c4 Nd4 14. Nc3 f4 15. Bf2 fxg3 16. Bxg3 Nxc2 17. Qxc2 Bh6 18. Be1 Nc6 19. Ne2 Nd4 20. Nxd4 cxd4 21. Bd2 Bf4 22. Bxf4 Rxf4 23. Qf2 Qg7 24. Qg3 Qh6 25. Rad1 Rc8 26. Rf2 b6 27. Re2 Rh4 28. b4 Rh5 29. Kh1 Bd7 30. Rg1 Rf8 31. Rd1 Rf4 32. Rdd2 Rg5 33. Qe1 Rh5 34. Qg3 Rg5 35. Qe1 Rh4 36. Bf1 Rgh5 37. Qg3 Qf8 38. b5 Rf4 39. Bg2 Qh6 40. Bf1 Rg5 41. Qf2 Qh5 42. Bg2 Rxg2 43. Qxg2 Bh3 44. Qg1 Qxf3+ 45. Rg2 Kg7 46. Qb1 Rg4 47. Qg1 Kh6 48. Rdf2 Bxg2+ 49. Rxg2 Kh5 50. Qf2 Qxg2+ 51. Qxg2 Rxg2 52. Kxg2 Kg4 0-1

[Event "Helsingor Xtracon op"]
[Site "Helsingor"]
[Date "2016.07.27"]
[Round "6"]
[White "Vesterli, Michael"]
[Black "Mehringer, Joerg"]
[Result "1-0"]
[WhiteElo "2141"]
[BlackElo "1966"]
[PlyCount "81"]
[EventDate "2016.07.23"]
[EventType "swiss"]
[EventRounds "10"]
[EventCountry "DEN"]
[SourceTitle "CBM 173 Extra"]
[Source "ChessBase"]
[SourceDate "2016.08.29"]
[SourceVersion "1"]
[SourceVersionDate "2016.08.29"]
[SourceQuality "1"]

1. d4 f5 2. c4 Nf6 3. Nc3 d6 4. Nf3 g6 5. g3 Bg7 6. Bg2 0-0 7. 0-0 Qe8 8. d5 Na6 9. Rb1 Bd7 10. b4 c6 11. Be3 Nc7 12. Qd2 cxd5 13. cxd5 a6 14. Bb6 Rc8 15. Rfc1 h6 16. Rc2 Qf7 17. Ne1 Na8 18. Bd4 Rc4 19. e3 Rfc8 20. a4 Qe8 21. b5 a5 22. Bf1 Ne4 23. Nxe4 Rxc2 24. Nxc2 fxe4 25. Bxg7 Kxg7 26. Na3 Qf7 27. b6 Rc5 28. Bb5 Nxb6 29. Qd4+ Kh7 30. Bxd7 Nxd7 31. Qxe4 Rxd5 32. Rxb7 Re5 33. Qc4 Qe8 34. Qc6 Nf6 35. Qxd6 Ng4 36. h3 Kg8 37. Qc7 Qxa4 38. hxg4 Qd1+ 39. Kh2 Qf3 40. Rb8+ Kh7 41. Rh8+ 1-0

[Event "Pyramiden Franken Cup"]
[Site "Fuerth"]
[Date "2015.09.05"]
[Round "5"]
[White "Mehringer, Joerg"]
[Black "Turner, Radek"]
[Result "1/2-1/2"]
[WhiteElo "1945"]
[BlackElo "2080"]
[PlyCount "57"]
[EventDate "2015.09.03"]
[EventType "swiss"]
[EventRounds "7"]
[EventCountry "GER"]
[SourceTitle "EXT 2016"]
[Source "ChessBase"]
[SourceDate "2015.10.08"]
[SourceVersion "1"]
[SourceVersionDate "2015.10.08"]
[SourceQuality "1"]

1. e4 Nf6 2. Nc3 d5 3. exd5 Nxd5 4. Be2 Nxc3 5. dxc3 Qxd1+ 6. Bxd1 Nd7 7. Nf3 e5 8. 0-0 Bd6 9. Re1 0-0 10. Nd2 c6 11. Nc4 Bc7 12. a4 f6 13. Bg4 Nb6 14. Nxb6 Bxb6 15. Bxc8 Rfxc8 16. a5 Bc7 17. a6 b6 18. Be3 Rd8 19. Red1 Kf7 20. Kf1 Ke6 21. Ke2 h6 22. h3 f5 23. f3 Rxd1 24. Rxd1 Bd6 25. g4 f4 26. Bf2 Rd8 27. b3 g6 28. Bh4 Rd7 29. Bf2 1/2-1/2

[Event "Pyramiden Franken Cup"]
[Site "Fuerth"]
[Date "2015.09.03"]
[Round "1"]
[White "Mehringer, Joerg"]
[Black "Ott, Florian"]
[Result "0-1"]
[WhiteElo "1945"]
[BlackElo "2273"]
[PlyCount "106"]
[EventDate "2015.09.03"]
[EventType "swiss"]
[EventRounds "7"]
[EventCountry "GER"]
[SourceTitle "EXT 2016"]
[Source "ChessBase"]
[SourceDate "2015.10.08"]
[SourceVersion "1"]
[SourceVersionDate "2015.10.08"]
[SourceQuality "1"]

1. e4 c5 2. g3 d5 3. exd5 Qxd5 4. Nf3 Bg4 5. Bg2 Nc6 6. 0-0 Qf5 7. d3 Nf6 8. Be3 e6 9. Nbd2 Be7 10. Qc1 Bh3 11. Bxh3 Qxh3 12. Ng5 Qh5 13. Nde4 Ng4 14. h3 Nxe3 15. Qxe3 Nd4 16. g4 Qh6 17. c3 Bxg5 18. Nxg5 Qxg5 19. cxd4 Qxe3 20. fxe3 cxd4 21. exd4 0-0 22. Rac1 Rac8 23. Kf2 Rfe8 24. Ke3 Kf8 25. Rc4 Ke7 26. Rfc1 Rcd8 27. Ke4 Rd7 28. Rc5 Red8 29. Rc7 h6 30. a4 g6 31. Rxd7+ Rxd7 32. Rc5 Kd6 33. Rc4 b6 34. b4 f5+ 35. Ke3 Kd5 36. b5 g5 37. Ke2 Rf7 38. Ke3 f4+ 39. Ke2 Re7 40. Kf3 e5 41. dxe5 Rxe5 42. Rc7 Re3+ 43. Kg2 Rg3+ 44. Kh2 Rxd3 45. Rxa7 Ke4 46. a5 Rd2+ 47. Kg1 Kf3 48. axb6 Kg3 49. Kf1 f3 50. Ke1 Rb2 51. Rf7 Rxb5 52. b7 Kg2 53. Kd2 f2 0-1

[Event "Politiken Cup 37th"]
[Site "Helsingor"]
[Date "2015.07.25"]
[Round "1"]
[White "Mehringer, Joerg"]
[Black "Berg Olsen, Sebastian N"]
[Result "1-0"]
[WhiteElo "1991"]
[BlackElo "1302"]
[PlyCount "87"]
[EventDate "2015.07.25"]
[EventType "swiss"]
[EventRounds "10"]
[EventCountry "DEN"]
[SourceTitle "CBM 167 Extra"]
[Source "ChessBase"]
[SourceDate "2015.09.14"]
[SourceVersion "1"]
[SourceVersionDate "2015.09.14"]
[SourceQuality "1"]

1. e4 c5 2. g3 d6 3. Bg2 Nc6 4. Ne2 g6 5. 0-0 Bg7 6. c3 Nf6 7. d4 Qc7 8. dxc5 dxc5 9. Be3 b6 10. Na3 a6 11. Nf4 Ne5 12. Nd5 Qd6 13. h3 Nxd5 14. exd5 Ra7 15. f4 Nd7 16. Qa4 Qb8 17. Rad1 0-0 18. Qb3 b5 19. c4 b4 20. Nc2 a5 21. Bc1 Ba6 22. Qd3 a4 23. b3 axb3 24. axb3 Bc8 25. Be3 Ra2 26. Rf2 Qd6 27. Ne1 Rxf2 28. Bxf2 Bb7 29. h4 Ra8 30. Bh3 Nf6 31. Nf3 Ra7 32. Rd2 Ra1+ 33. Kh2 Nh5 34. Qe3 Ra5 35. Re2 Kf8 36. Ne5 f6 37. Nd3 f5 38. Nxc5 Qf6 39. Nxb7 Ra1 40. Nc5 Qd6 41. Ne6+ Kg8 42. Nxg7 Nxg7 43. Qxe7 Qb8 44. Bd4 1-0

[Event "Bargteheide op"]
[Site "Bargteheide"]
[Date "2015.05.14"]
[Round "1"]
[White "Mehringer, Joerg"]
[Black "Boe, Mads"]
[Result "0-1"]
[WhiteElo "1988"]
[BlackElo "2341"]
[PlyCount "74"]
[EventDate "2015.05.14"]
[EventType "swiss"]
[EventRounds "7"]
[EventCountry "GER"]
[SourceTitle "CBM 166 Extra"]
[Source "ChessBase"]
[SourceDate "2015.06.18"]
[SourceVersion "1"]
[SourceVersionDate "2015.06.18"]
[SourceQuality "1"]

1. e4 e5 2. Nf3 d6 3. d4 Nf6 4. Nc3 Nbd7 5. Bc4 Be7 6. 0-0 0-0 7. Bb3 c6 8. h3 b5 9. a3 Bb7 10. Re1 Qc7 11. Bg5 a6 12. dxe5 dxe5 13. Nh4 Nc5 14. Nf5 Bd8 15. Qd6 Nxb3 16. cxb3 Qxd6 17. Nxd6 Bc8 18. Nxc8 Rxc8 19. b4 Bb6 20. Bxf6 gxf6 21. Rad1 Rfd8 22. Rxd8+ Rxd8 23. Rd1 Rd4 24. Rxd4 Bxd4 25. Kf1 Kg7 26. Ke2 Kg6 27. f3 f5 28. exf5+ Kxf5 29. g3 Ke6 30. Nd1 f5 31. g4 e4 32. gxf5+ Kxf5 33. fxe4+ Kxe4 34. Nf2+ Bxf2 35. Kxf2 Kd3 36. Kf3 Kc2 37. Ke4 Kxb2 0-1

[Event "Reykjavik op"]
[Site "Reykjavik"]
[Date "2015.03.14"]
[Round "6"]
[White "Hardarson, Jon Trausti"]
[Black "Mehringer, Joerg"]
[Result "1/2-1/2"]
[WhiteElo "2170"]
[BlackElo "1955"]
[PlyCount "89"]
[EventDate "2015.03.10"]
[EventType "swiss"]
[EventRounds "10"]
[EventCountry "ISL"]
[SourceTitle "CBM 165 Extra"]
[Source "ChessBase"]
[SourceDate "2015.04.21"]
[SourceVersion "1"]
[SourceVersionDate "2015.04.21"]
[SourceQuality "1"]

1. d4 Nf6 2. c4 e6 3. g3 Bb4+ 4. Nd2 0-0 5. Bg2 d6 6. Ngf3 Nbd7 7. a3 Bxd2+ 8. Nxd2 Qe7 9. 0-0 c6 10. b4 Re8 11. e4 e5 12. d5 a5 13. Bb2 Nf8 14. Nb3 cxd5 15. exd5 b6 16. bxa5 bxa5 17. Bc3 a4 18. Na5 Qc7 19. Nc6 N8d7 20. Bb4 e4 21. f3 e3 22. Re1 Bb7 23. Qd4 Bxc6 24. dxc6 Nc5 25. Bxc5 dxc5 26. Qxc5 Ra5 27. Qb4 e2 28. f4 Qa7+ 29. c5 Rxc5 30. Qd4 Qa5 31. Rab1 h6 32. Qb4 Qa7 33. Qb6 Qe7 34. Rxe2 Qxe2 35. Qxc5 Ne4 36. Qb6 Nd2 37. Rc1 Nf3+ 38. Kh1 Ne1 39. Qg1 Qd2 40. Rb1 Nxg2 41. Qxg2 Re1+ 42. Rxe1 Qxe1+ 43. Qg1 Qe4+ 44. Qg2 Qe1+ 45. Qg1 1/2-1/2

[Event "Reykjavik op"]
[Site "Reykjavik"]
[Date "2015.03.12"]
[Round "4"]
[White "Bogut, Maksymilian"]
[Black "Mehringer, Joerg"]
[Result "0-1"]
[WhiteElo "1697"]
[BlackElo "1955"]
[PlyCount "154"]
[EventDate "2015.03.10"]
[EventType "swiss"]
[EventRounds "10"]
[EventCountry "ISL"]
[SourceTitle "CBM 165 Extra"]
[Source "ChessBase"]
[SourceDate "2015.04.21"]
[SourceVersion "1"]
[SourceVersionDate "2015.04.21"]
[SourceQuality "1"]

1. e4 e5 2. Bc4 Bc5 3. Nf3 d6 4. Nc3 a6 5. d4 exd4 6. Nxd4 Nc6 7. Be3 Ne5 8. Bb3 Bg4 9. Qd2 Nf6 10. h3 Bd7 11. f4 Nc6 12. 0-0-0 Bb4 13. Qd3 0-0 14. Nd5 Nxd5 15. exd5 Nxd4 16. Bxd4 Qh4 17. g3 Qh6 18. c3 Ba5 19. Bc2 c5 20. Be3 Rfe8 21. Rde1 Qg6 22. g4 Qxd3 23. Bxd3 b5 24. Re2 Re7 25. Rhe1 c4 26. Bc2 Rae8 27. Kd2 h5 28. f5 hxg4 29. hxg4 Bc7 30. Bf4 Rxe2+ 31. Rxe2 Rxe2+ 32. Kxe2 Kf8 33. Kf3 Ke7 34. Bg5+ f6 35. Be3 Kd8 36. Bd4 Be8 37. Kf4 Bf7 38. Be4 Kc8 39. g5 Bd8 40. gxf6 Bxf6 41. Bxf6 gxf6 42. Bf3 Kc7 43. Ke4 Kb6 44. Kd4 Be8 45. Bd1 Bd7 46. Bc2 Bc8 47. b4 cxb3 48. axb3 a5 49. b4 a4 50. Ke4 a3 51. Bb3 Kc7 52. Kf4 Kd8 53. Ba2 Ke7 54. Ke4 Kf7 55. c4 bxc4 56. Bxc4 Ke7 57. Kf4 Bd7 58. Ke4 Kd8 59. Ba2 Kc7 60. Kd4 Bxf5 61. Kc3 Be4 62. Kb3 Bxd5+ 63. Kxa3 Bxa2 64. Kxa2 Kb6 65. Kb3 Kb5 66. Kc3 f5 67. Kd3 f4 68. Kc3 f3 69. Kd3 Kxb4 70. Ke3 Kc3 71. Kxf3 Kd3 72. Kf2 Kd2 73. Kf3 d5 74. Kf2 d4 75. Kf3 d3 76. Kf2 Kc1 77. Ke3 d2 0-1

[Event "Reykjavik op"]
[Site "Reykjavik"]
[Date "2015.03.10"]
[Round "1"]
[White "Mehringer, Joerg"]
[Black "Libiszewski, Fabien"]
[Result "0-1"]
[WhiteElo "1955"]
[BlackElo "2514"]
[PlyCount "140"]
[EventDate "2015.03.10"]
[EventType "swiss"]
[EventRounds "10"]
[EventCountry "ISL"]
[SourceTitle "CBM 165 Extra"]
[Source "ChessBase"]
[SourceDate "2015.04.21"]
[SourceVersion "1"]
[SourceVersionDate "2015.04.21"]
[SourceQuality "1"]

1. e4 d6 2. d4 g6 3. g3 Nf6 4. Bg2 Bg7 5. Ne2 0-0 6. 0-0 e5 7. dxe5 dxe5 8. Nbc3 Nbd7 9. h3 b6 10. Be3 Bb7 11. Qd2 Nc5 12. Qxd8 Rfxd8 13. Bxc5 bxc5 14. Rfd1 Rab8 15. Kf1 Ba6 16. Rxd8+ Rxd8 17. Ke1 Bf8 18. Na4 Bb5 19. Nec3 Bc6 20. b3 c4 21. f3 Bb4 22. a3 Bxc3+ 23. Nxc3 cxb3 24. cxb3 Nh5 25. g4 Nf4 26. Bf1 h5 27. Rd1 Rxd1+ 28. Kxd1 h4 29. Kd2 Ne6 30. Ke3 Kf8 31. Bc4 Nf4 32. Bf1 Ke7 33. Na2 Kd6 34. Nb4 f6 35. Na6 Bb7 36. Nb4 Bc8 37. Nc2 Be6 38. b4 Bb3 39. Ne1 Ne6 40. Kd2 Ba4 41. Ng2 g5 42. Ne3 Nf4 43. Nf5+ Kd7 44. Ng7 Ke7 45. Nf5+ Ke6 46. b5 Bb3 47. Ne3 Kd6 48. Kc3 Ba2 49. Kb4 Ne6 50. Ka5 Nd4 51. Bg2 Kc5 52. a4 Bb3 53. Nd5 Bxd5 54. exd5 Kxd5 55. Ka6 c5 56. bxc6 Nxc6 57. Kb7 Kc5 58. f4 Na5+ 59. Ka6 Nc4 60. fxg5 fxg5 61. Kxa7 Kd4 62. Ka6 e4 63. Kb5 e3 64. Bf1 Nd2 65. Be2 Ne4 66. a5 Nc3+ 67. Kb4 Nxe2 68. a6 Nf4 69. a7 e2 70. a8Q e1Q+ 0-1